[Event "Las Palmas Insular-chT Honor 1718"]
[Site "Las Palmas"]
[Date "2018.03.10"]
[Round "9.3"]
[White "Ruiz Romero, Pedro"]
[Black "Gonzalez Rodriguez, Jose Fco"]
[Result "0-1"]
[WhiteElo "1782"]
[BlackElo "1907"]
[PlyCount "80"]
[EventDate "2017.10.28"]
[EventType "team-tourn"]
[EventRounds "9"]
[EventCountry "ESP"]
[SourceTitle "EXT 2021"]
[Source "ChessBase"]
[SourceDate "2020.10.23"]
[SourceVersion "1"]
[SourceVersionDate "2020.10.23"]
[SourceQuality "1"]
[WhiteTeam "Anand"]
[BlackTeam "Piscolabis Oleaje San Andres"]
[WhiteTeamCountry "ESP"]
[BlackTeamCountry "ESP"]

1. c4 c5 2. Nc3 Nc6 3. Nf3 e5 4. e3 Nf6 5. d4 cxd4 6. exd4 e4 7. Ng1 Bb4 8. Nge2 d5 9. a3 Bxc3+ 10. Nxc3 dxc4 11. d5 Ne5 12. Bxc4 Nxc4 13. Qa4+ Bd7 14. Qxc4 0-0 15. 0-0 Re8 16. Re1 Rc8 17. Qd4 Bc6 18. Bg5 Re6 19. Bxf6 Rxf6 20. Rxe4 Rd6 21. Rae1 h6 22. Qxa7 Bxd5 23. Nxd5 Rxd5 24. Qxb7 Rd7 25. Qb3 Qf6 26. h3 Rd2 27. Qe3 Rcc2 28. Re8+ Kh7 29. Rf1 Qxb2 30. Qe4+ g6 31. Qf4 Rd7 32. Rb8 Qd4 33. Qf3 Qd6 34. Qa8 Qf6 35. g3 Rdd2 36. Qa7 Qf5 37. Qb7 Rxf2 38. Re1 Qxh3 39. Rh8+ Kxh8 40. Qb8+ Kh7 0-1

[Event "Las Palmas Insular-chT Pref"]
[Site "Las Palmas "]
[Date "2015.12.19"]
[Round "7.4"]
[White "Alba Santana, Cayetano"]
[Black "Gonzalez Rodriguez, Jose Fco"]
[Result "1/2-1/2"]
[WhiteElo "1807"]
[BlackElo "1881"]
[PlyCount "38"]
[EventDate "2015.10.17"]
[EventType "team-tourn"]
[EventRounds "14"]
[EventCountry "ESP"]
[SourceTitle "CBM 170 Extra"]
[Source "ChessBase"]
[SourceDate "2016.02.25"]
[SourceVersion "1"]
[SourceVersionDate "2016.02.25"]
[SourceQuality "1"]
[WhiteTeam "Real Club Victoria"]
[BlackTeam "Piscolabis Oleaje San Andres"]
[WhiteTeamCountry "ESP"]
[BlackTeamCountry "ESP"]

1. e4 c5 2. f4 e6 3. Nf3 Nc6 4. Bb5 Nge7 5. 0-0 a6 6. Bxc6 Nxc6 7. Kh1 g6 8. c3 Bg7 9. d3 0-0 10. Nbd2 d5 11. Qe2 Qc7 12. e5 Ne7 13. Re1 b5 14. Nf1 Bb7 15. Be3 Nf5 16. Bd2 Rfd8 17. b3 Rac8 18. Rec1 Qd7 19. d4 c4 1/2-1/2

[Event "Las Palmas Insular-chT Pref"]
[Site "Las Palmas"]
[Date "2015.03.28"]
[Round "12.3"]
[White "Gonzalez Rodriguez, Jose Fco"]
[Black "Manchon Santana, Alberto"]
[Result "0-1"]
[WhiteElo "1895"]
[BlackElo "1841"]
[PlyCount "80"]
[EventDate "2014.11.22"]
[EventType "team-tourn"]
[EventRounds "14"]
[EventCountry "ESP"]
[SourceTitle "EXT 2016"]
[Source "ChessBase"]
[SourceDate "2015.10.08"]
[SourceVersion "1"]
[SourceVersionDate "2015.10.08"]
[SourceQuality "1"]
[WhiteTeam "San Andres Oleaje"]
[BlackTeam "La Caja de Canarias"]
[WhiteTeamCountry "ESP"]
[BlackTeamCountry "ESP"]

1. d4 Nf6 2. Nf3 c5 3. c4 cxd4 4. Nxd4 e5 5. Nc2 d5 6. cxd5 Qxd5 7. Qxd5 Nxd5 8. e4 Nb4 9. Bb5+ N8c6 10. Nxb4 Bxb4+ 11. Bd2 Bxd2+ 12. Nxd2 Bd7 13. 0-0 a6 14. Bxc6 Bxc6 15. Nc4 f6 16. f3 0-0-0 17. Rfd1 Rd4 18. Ne3 Rhd8 19. Rxd4 exd4 20. Nf5 g6 21. Ng3 a5 22. Rd1 Bb5 23. Kf2 d3 24. Nf1 Kd7 25. Ne3 Ke6 26. Nd5 Rc8 27. Nc3 Bc4 28. a4 Kd6 29. Ke3 Ba6 30. Rd2 Kc5 31. Rd1 Kb4 32. Rd2 Kb3 33. g3 Rxc3 34. bxc3 Kxc3 35. f4 Kb3 36. Rxd3+ Bxd3 37. Kxd3 Kxa4 38. e5 fxe5 39. fxe5 Kb5 40. e6 Kc6 0-1

[Event "Las Palmas Insular-chT Pref"]
[Site "Las Palmas"]
[Date "2014.12.20"]
[Round "3.3"]
[White "De la Hoz Sanchez, Ruben"]
[Black "Gonzalez Rodriguez, Jose Fco"]
[Result "1/2-1/2"]
[WhiteElo "1957"]
[BlackElo "1895"]
[PlyCount "47"]
[EventDate "2014.11.22"]
[EventType "team-tourn"]
[EventRounds "14"]
[EventCountry "ESP"]
[SourceTitle "EXT 2016"]
[Source "ChessBase"]
[SourceDate "2015.10.08"]
[SourceVersion "1"]
[SourceVersionDate "2015.10.08"]
[SourceQuality "1"]
[WhiteTeam "La Caja de Vecindario"]
[BlackTeam "San Andres Oleaje"]
[WhiteTeamCountry "ESP"]
[BlackTeamCountry "ESP"]

1. e4 c5 2. Nc3 e6 3. g3 Nc6 4. Bg2 Nf6 5. Nge2 Be7 6. 0-0 a6 7. f4 d6 8. d3 Qc7 9. f5 b5 10. fxe6 fxe6 11. Bg5 0-0 12. Qd2 Bd7 13. Bh3 Rae8 14. Nf4 Nd4 15. Qd1 b4 16. Nce2 Bd8 17. c3 Nc6 18. Ng2 Ne5 19. Bf4 Ng6 20. Ne3 a5 21. Nc4 Be7 22. Qd2 Nxf4 23. Nxf4 Bd8 24. Qe2 1/2-1/2

[Event "Las Palmas Insular-chT Primera-A"]
[Site "Las Palmas"]
[Date "2014.01.25"]
[Round "7.4"]
[White "Aleman Perez, Domingo"]
[Black "Gonzalez Rodriguez, Jose Fco"]
[Result "0-1"]
[WhiteElo "1593"]
[BlackElo "1874"]
[PlyCount "98"]
[EventDate "2013.11.09"]
[EventType "team-tourn"]
[EventRounds "14"]
[EventCountry "ESP"]
[SourceTitle "EXT 2015"]
[Source "ChessBase"]
[SourceDate "2014.11.20"]
[SourceVersion "1"]
[SourceVersionDate "2014.11.20"]
[SourceQuality "1"]
[WhiteTeam "Villa de Teror "]
[BlackTeam "San Andres"]
[WhiteTeamCountry "ESP"]
[BlackTeamCountry "ESP"]

1. d4 d5 2. c4 e6 3. Nf3 c6 4. a3 dxc4 5. e4 b5 6. Bf4 Nf6 7. Bg5 Qa5+ 8. Bd2 Qc7 9. e5 Nd5 10. Nc3 Nxc3 11. Bxc3 Be7 12. Be2 0-0 13. h4 Rd8 14. Qc2 Nd7 15. Bd2 Nf8 16. Rh3 Bb7 17. Be3 Qa5+ 18. Bd2 Qc7 19. Be3 Rac8 20. Rd1 c5 21. Bg5 Bxf3 22. Bxe7 Qxe7 23. Bxf3 cxd4 24. Be4 d3 25. Qc3 Qc5 26. Bb7 Rc7 27. Bf3 Qd4 28. Bh5 Qxc3+ 29. bxc3 g6 30. Rg3 Kh8 31. Bg4 h5 32. Bh3 Nd7 33. f4 Nc5 34. Re3 Na4 35. Kd2 Nc5 36. g3 Rc6 37. Ke1 Ra6 38. Ra1 Nb3 39. Ra2 Nc1 40. Ra1 Nb3 41. Ra2 Rb6 42. Bg2 a5 43. Bf3 b4 44. axb4 axb4 45. cxb4 Nd4 46. Bd1 Rxb4 47. Kd2 Nb5 48. Kc1 c3 49. Ra1 d2+ 0-1

[Event "Santa Lucia op 2nd"]
[Site "Santa Lucia"]
[Date "2008.07.18"]
[Round "5.17"]
[White "Roque Hernandez, Francisco"]
[Black "Gonzalez Rodriguez, Jose Fco"]
[Result "0-1"]
[WhiteElo "1881"]
[BlackElo "2125"]
[PlyCount "40"]
[EventDate "2008.07.14"]
[EventType "swiss"]
[EventRounds "7"]
[EventCountry "ESP"]
[SourceTitle "EXT 2024"]
[Source "ChessBase"]
[SourceDate "2023.10.10"]
[SourceVersion "1"]
[SourceVersionDate "2023.10.10"]
[SourceQuality "1"]

1. e4 c5 2. Nf3 d6 3. d4 cxd4 4. Nxd4 Nf6 5. Bd3 a6 6. Nc3 e6 7. 0-0 Qc7 8. Re1 Nbd7 9. Nf3 b5 10. a3 Bb7 11. Bf4 Rc8 12. Nd4 e5 13. Nd5 Nxd5 14. exd5 Bxd5 15. Nxb5 axb5 16. Bxb5 Bc6 17. Bxe5 dxe5 18. Rxe5+ Qxe5 19. c4 Bd6 20. g3 0-0 0-1

[Event "Santa Lucia op 2nd"]
[Site "Santa Lucia"]
[Date "2008.07.15"]
[Round "2.18"]
[White "De la Hoz Sanchez, Ruben"]
[Black "Gonzalez Rodriguez, Jose Fco"]
[Result "0-1"]
[WhiteElo "2023"]
[BlackElo "2125"]
[PlyCount "66"]
[EventDate "2008.07.14"]
[EventType "swiss"]
[EventRounds "7"]
[EventCountry "ESP"]
[SourceTitle "EXT 2024"]
[Source "ChessBase"]
[SourceDate "2023.10.10"]
[SourceVersion "1"]
[SourceVersionDate "2023.10.10"]
[SourceQuality "1"]

1. e4 c5 2. Nf3 d6 3. d4 cxd4 4. Nxd4 Nf6 5. Nc3 a6 6. Be2 e6 7. Be3 b5 8. a3 Bb7 9. f3 Nbd7 10. 0-0 Qc7 11. Qd2 Be7 12. Rfd1 0-0 13. Bxb5 axb5 14. Ndxb5 Qc6 15. Nxd6 Ba6 16. f4 Nb6 17. e5 Nfd5 18. Kh1 Nxe3 19. Qxe3 Rfd8 20. Qe4 Qxe4 21. Ncxe4 Nd5 22. g3 f5 23. Nc5 Bxd6 24. exd6 Rxd6 25. Nxa6 Raxa6 26. c4 Ne3 27. Rxd6 Rxd6 28. c5 Rc6 29. b4 Nd5 30. Rc1 Kf7 31. Kg2 Ke7 32. Kf2 Kd7 33. Ke2 Ra6 0-1